003290000a22001330004500060000800000082001600008100002200024245002200046260003400068260000900102300000800111490002800119650004800147 a100 a549.954 WAD aWadia, Mether D N aMinerals of India aNewdelhi, National Book Trust c1966 a199 aIndia The land & People aMinerals India / Rock system / water / Clay